=LDR 00000nam 2200000 4500 =001 INLIS000000000063596 =005 20240613101254 =035 ##$$a 0010-0524000045 =007 ta =008 240515################g##########0#ind## =110 ##$$a Tim Karya Tani Mandiri =245 ##$$a Pedoman budi daya secara hidroponik /$c Tim Karya Tani Mandiri =250 ##$$a Cetakan IV, Maret 2016 =300 ##$$a viii, 160 halaman : $b Ilustrasi ; $c 19,5 cm =504 ##$$a Bibliografi: halaman 158-160 =020 ##$$a 978-979-071-083-2 =041 ##$$a ind =082 ##$$a 631.585 =084 ##$$a 631.585 PED p =264 ##$$a Jakarta :$b CV Nuansa Aulia,$c 2010 =336 ##$$a teks$2 rdacontent =337 ##$$a tanpa perantara$2 rdamedia =338 ##$$a volume$2 rdacarrier =650 #4$$a Hidroponik =990 ##$$a 3202401054